|
|
|
|
| LEADER |
02632nam a22005775i 4500 |
| 001 |
978-3-642-28613-1 |
| 003 |
DE-He213 |
| 005 |
20151204172831.0 |
| 007 |
cr nn 008mamaa |
| 008 |
120507s2012 gw | s |||| 0|eng d |
| 020 |
|
|
|a 9783642286131
|9 978-3-642-28613-1
|
| 024 |
7 |
|
|a 10.1007/978-3-642-28613-1
|2 doi
|
| 040 |
|
|
|d GrThAP
|
| 050 |
|
4 |
|a QC176.8.N35
|
| 050 |
|
4 |
|a T174.7
|
| 072 |
|
7 |
|a TBN
|2 bicssc
|
| 072 |
|
7 |
|a SCI050000
|2 bisacsh
|
| 082 |
0 |
4 |
|a 620.5
|2 23
|
| 100 |
1 |
|
|a Plekhanov, Vladimir G.
|e author.
|
| 245 |
1 |
0 |
|a Isotope Low-Dimensional Structures
|h [electronic resource] :
|b Elementary Excitations and Applications /
|c by Vladimir G. Plekhanov.
|
| 264 |
|
1 |
|a Berlin, Heidelberg :
|b Springer Berlin Heidelberg :
|b Imprint: Springer,
|c 2012.
|
| 300 |
|
|
|a XII, 96 p. 51 illus.
|b online resource.
|
| 336 |
|
|
|a text
|b txt
|2 rdacontent
|
| 337 |
|
|
|a computer
|b c
|2 rdamedia
|
| 338 |
|
|
|a online resource
|b cr
|2 rdacarrier
|
| 347 |
|
|
|a text file
|b PDF
|2 rda
|
| 490 |
1 |
|
|a SpringerBriefs in Physics,
|x 2191-5423
|
| 505 |
0 |
|
|a Elementary excitations of isotope-mixed crystals -- Methods of the preparation of low dimensional structures -- Electron excitations in low-dimensional structures -- Applications of low-dimensional structures.
|
| 520 |
|
|
|a This Briefs volume describes the properties and structure of elementary excitations in isotope low-dimensional structures. Without assuming prior knowledge of quantum physics, the present book provides the basic knowledge needed to understand the recent developments in the sub-disciplines of nanoscience isotopetronics, novel device concepts and materials for nanotechnology. It is the first and comprehensive interdisciplinary account of the newly developed scientific discipline isotopetronics.
|
| 650 |
|
0 |
|a Physics.
|
| 650 |
|
0 |
|a Atomic structure.
|
| 650 |
|
0 |
|a Molecular structure.
|
| 650 |
|
0 |
|a Spectra.
|
| 650 |
|
0 |
|a Condensed matter.
|
| 650 |
|
0 |
|a Nanoscale science.
|
| 650 |
|
0 |
|a Nanoscience.
|
| 650 |
|
0 |
|a Nanostructures.
|
| 650 |
|
0 |
|a Nanotechnology.
|
| 650 |
1 |
4 |
|a Physics.
|
| 650 |
2 |
4 |
|a Nanoscale Science and Technology.
|
| 650 |
2 |
4 |
|a Atomic/Molecular Structure and Spectra.
|
| 650 |
2 |
4 |
|a Nanotechnology.
|
| 650 |
2 |
4 |
|a Nanotechnology and Microengineering.
|
| 650 |
2 |
4 |
|a Condensed Matter Physics.
|
| 710 |
2 |
|
|a SpringerLink (Online service)
|
| 773 |
0 |
|
|t Springer eBooks
|
| 776 |
0 |
8 |
|i Printed edition:
|z 9783642286124
|
| 830 |
|
0 |
|a SpringerBriefs in Physics,
|x 2191-5423
|
| 856 |
4 |
0 |
|u http://dx.doi.org/10.1007/978-3-642-28613-1
|z Full Text via HEAL-Link
|
| 912 |
|
|
|a ZDB-2-PHA
|
| 950 |
|
|
|a Physics and Astronomy (Springer-11651)
|